El discurso de la acción / (Record no. 127263)

MARC details
000 -LEADER
campo de control de longitud fija 00563nam a2200205 4500
001 - NÚMERO DE CONTROL
campo de control 127263
003 - IDENTIFICADOR DE NÚMERO DE CONTROL
campo de control ES-MaACL
005 - FECHA Y HORA DE LA ÚLTIMA TRANSACCIÓN
campo de control 20230906192958.0
007 - CAMPO FIJO DE DESCRIPCIÓN FÍSICA--INFORMACIÓN GENERAL
campo de control de longitud fija t|
008 - DATOS DE LONGITUD FIJA--INFORMACIÓN GENERAL
campo de control de longitud fija 070214s1981 sp r ||||1| spa d
100 1# - ENTRADA PRINCIPAL--NOMBRE DE PERSONA
Nombre de persona Ricoeur, Paul.
9 (RLIN) 97042
245 13 - MENCIÓN DEL TÍTULO
Título El discurso de la acción /
Mención de responsabilidad, etc. Paul Ricoeur ; traducción de Pilar Calvo.
260 ## - PUBLICACIÓN, DISTRIBUCIÓN, ETC.
Lugar de publicación, distribución, etc. Madrid :
Nombre del editor, distribuidor, etc. Cátedra,
Fecha de publicación, distribución, etc. 1981.
300 ## - DESCRIPCIÓN FÍSICA
Extensión 154 p. ;
Dimensiones 18 cm.
490 1# - MENCIÓN DE SERIE
Mención de serie Teorema
700 1# - ENTRADA AGREGADA--NOMBRE PERSONAL
Nombre de persona Calvo, Pilar.
9 (RLIN) 33860
830 0# - PUNTO DE ACCESO ADICIONAL DE SERIE-TÍTULO UNIFORME
Título uniforme Teorema
9 (RLIN) 181356
852 ## - LOCALIZACIÓN
Ubicación ES-MaACL
Número de control de estantería L-1737
Sublocalización o colección R.102075
Holdings
Estatus retirado Estado de pérdida Estado de daño No para préstamo Biblioteca de origen Biblioteca actual Ubicación en estantería Fecha de adquisición Fuente de adquisición Total de préstamos Signatura topográfica completa Código de barras Visto por última vez Precio de reemplazo Tipo de ítem Koha
        Biblioteca del Ateneo de Madrid Biblioteca del Ateneo de Madrid Depósito 2 17/01/2008     L-1737 1132553 23/02/2023 23/02/2023 Libro impreso